AACR2 decisions and rule interpretations

Saved in:
Bibliographic Details
Other Authors: Howarth, Lynne Christine (Editor)
Format: Book
Language:English
Published: Ottawa : Canadian Library Association, c1994
Edition:6th ed.
Subjects:
Tags: Add Tag
No Tags, Be the first to tag this record!

MARC

LEADER 00000nam a2200000 i 4500
001 1/88248
008 990824s1994 eng d
020 |a 1-85604-152-2 
035 |l 10052489 
040 |a GR-MY-UA  |b gre  |e aacr 
041 0 |a eng 
082 0 |a 025.32 
245 1 0 |a AACR2 decisions and rule interpretations /  |c Compiled by Lynne C. Howarth 
250 |a 6th ed. 
260 |a Ottawa :   |b Canadian Library Association,   |c c1994 
300 |a 1124 με ποικίλες σελιδαριθμήσεις;  |c 30 εκ. 
650 0 0 |a Descriptive cataloging  |x Rules. 
700 1 |a Howarth, Lynne Christine.  |4 edt 
852 |a INST  |b LESVOS  |e 19990824  |h 025.32 AAC  |p 005100019737  |q 005100019737  |t BK  |y 0 
901 |a BIBL1-1999-2 
909 |a Λ  |b 062446 
922 |a 1ΕΛΗ  |b 199812  |c ΚΠΣ/ΚΥΒ  |d LEADER 
950 |a  023-1998-09-14 
970 |z 1999/09/09  |a ΜΟΥΣΤΑΚΑ  |b ΠΗΝΕΛΟΠΗ